Language Quiz

Random Language or Italian Quiz
Score 0/125 Timer 15:00
0 Plays Today
In English In Italian % Correct
to do, to makefare
83.6%
to play (a game)giocare
78.2%
to goandare
74.5%
Sundaydomenica
67.3%
to takeprendere
65.5%
Saturdaysabato
65.5%
to listen toascoltare
63.6%
to sleepdormire
63.6%
Thursdaygiovedì
63.6%
At what time...?A che ora...?
61.8%
Wednesdaymercoledì
61.8%
to openaprire
60%
to arrivearrivare
60%
to worklavorare
60%
to readleggere
60%
to eatmangiare
60%
Mondaylunedì
60%
to washlavare
58.2%
whenquando
56.4%
to drinkbere
56.4%
to paypagare
56.4%
to cleanpulire
56.4%
Tuesdaymartedì
56.4%
Fridayvenerdì
56.4%
to danceballare
54.5%
to preferpreferire
54.5%
to writescrivere
54.5%
to studystudiare
54.5%
to talk, to speakparlare
50.9%
to comevenire
50.9%
to understandcapire
49.1%
to closechiudere
49.1%
to forgetdimenticare
49.1%
to finishfinire
49.1%
to practicepraticare
49.1%
excuse me (form.)scusi
47.3%
to eat dinnercenare
47.3%
to look at, watchguardare
47.3%
to eat lunchpranzare
47.3%
to play (an instrument)suonare
47.3%
sportlo sport
47.3%
It's one o'clock.È l'una.
45.5%
In English In Italian % Correct
excuse me (inform.)scusa
45.5%
alwayssempre
45.5%
What time is it? (sing.)Che ora è?
45.5%
to serveservire
43.6%
It's midnight.È mezzanotte.
41.8%
It's late.È tardi.
41.8%
to returntornare
41.8%
plate, dishil piatto
41.8%
It's noon.È mezzogiorno.
40%
to look forcercare
40%
to leave a place, to exit, to go out (with others)uscire
40%
discothequela discoteca
40%
telephoneil telefono
40%
oftenspesso
38.2%
moneyi soldi
38.2%
What time is it? (pl.)Che ore sono?
36.4%
libraryla biblioteca
34.5%
everydaytutti i giorni/ogni giorno
32.7%
to go to the moviesandare al cinema
32.7%
to go to bedandare a letto
32.7%
to praypregare
32.7%
busl'autobus
32.7%
movie theater; moviesil cinema
32.7%
Hello! (on the telephone)Pronto!
30.9%
too latetroppo tardi
30.9%
to play golfgiocare a golf
30.9%
guitarla chitarra
30.9%
to attendfrequentare
29.1%
to take the busprendere l'autobus
29.1%
to play tennisgiocare a tennis
27.3%
to begininiziare
27.3%
to explainspiegare
27.3%
to eat breakfastfare colazione
25.5%
to play soccergiocare a calcio
25.5%
to have a coffeeprendere un caffè
25.5%
magazinela rivista
25.5%
It's early.È presto.
23.6%
nevernon... mai
23.6%
vacationle vacanze
23.6%
too earlytroppo presto
21.8%
okayva bene
21.8%
pianoil pianoforte
21.8%
In English In Italian % Correct
It's 1:15.È l'una e un quarto.
20%
in the morningdi mattina
20%
to do yogafare yoga
20%
to play cardsgiocare a carte
20%
e-maill'e-mail
20%
cellphoneil telefonino
20%
violinil violino
20%
What day is today?Che giorno è oggi?
18.2%
It's 2:30.Sono le due e mezzo.
18.2%
in the afternoondel pomeriggio
18.2%
listen (inform.)senti
18.2%
to ask a questionfare una domanda
18.2%
see you soona presto
16.4%
terrific, greatbenissimo
16.4%
to take a photofare una foto
16.4%
to take a walkfare una passeggiata
16.4%
It's 1:45.Sono le due meno un quarto.
14.5%
see you latera più tardi
12.7%
in the eveningdi sera
12.7%
listen (form.)senta
10.9%
cafeteriala mensa
10.9%
shoppinglo shopping
9.1%
My leg hurts.Mi fa male la gamba.
7.3%
My feet hurt.Mi fanno male i piedi.
5.5%
I like to (do something)mi piace (+ inf.)
5.5%
sometimesogni tanto
5.5%
to play sportsfare sport
5.5%
to come homerientrare
5.5%
he likes to (do something)gli piace (+ inf.)
3.6%
to stay up latefare le ore piccole
3.6%
one needs to (do something)bisogna di (+ inf.)
1.8%
What interesting (fun) things do you (inform.) have planned?Cosa fai di bello?
1.8%
What interesting (fun) things do you (form.) have planned?Cosa fa di bello?
1.8%
you (inform.) like to (do something)ti piace (+ inf.)
1.8%
she likes to (do something)le piace (+ inf.)
1.8%
to go (to do something)andare + a + (inf.)
1.8%
to have a snackfare uno spuntino
1.8%
to not be able to wait (to do something), to be excited about (doing something)non vedere l'ora (di +inf.)
1.8%
What do you (inform.) like to do in your free time?Nel tempo libero cosa ti piace fare?
0%
What do you (form.) like to do in your free time?Nel tempo libera cosa Le piace fare?
0%
Do you (inform.) feel like (doing something)?Ti va di (+ inf.)?
0%
Remove Ads.
Support Sporcle.
Get the best of Sporcle when you Go Orange. This ad-free experience offers more features, more stats, and more fun while also helping to support Sporcle. Thank you for becoming a member.

You're not logged in!

Compare scores with friends on all Sporcle quizzes.
OR
Log In

Show Comments

Extras

Top Quizzes Today


Score Distribution

Your Account Isn't Verified!

In order to create a playlist on Sporcle, you need to verify the email address you used during registration. Go to your Sporcle Settings to finish the process.

Report this User

Report this user for behavior that violates our Community Guidelines.

Details: